<?xml version="1.0" encoding="UTF-8"?>
<collection xmlns="http://www.loc.gov/MARC21/slim">
<record>
  <controlfield tag="001">135874</controlfield>
  <controlfield tag="005">20240625124007.0</controlfield>
  <datafield tag="037" ind1=" " ind2=" ">
    <subfield code="a">NORMAS-2024-008</subfield>
  </datafield>
  <datafield tag="245" ind1=" " ind2=" ">
    <subfield code="a">Instrucción 3/2024 de la Secretaria General y del Gerente de la Universidad de Zaragoza relativa a la emisión de certificaciones académicas y traslado a otras Universidades de expediente académico y otras certificaciones de enseñanzas propias y oficiales</subfield>
  </datafield>
  <datafield tag="260" ind1=" " ind2=" ">
    <subfield code="a">Zaragoza</subfield>
    <subfield code="b">Consejo de Gobierno de la Universidad de Zaragoza</subfield>
    <subfield code="c">2024-06-21</subfield>
  </datafield>
  <datafield tag="653" ind1="1" ind2=" ">
    <subfield code="a">Administración Electrónica</subfield>
  </datafield>
  <datafield tag="856" ind1="0" ind2=" ">
    <subfield code="f">sgaspar@unizar.es</subfield>
  </datafield>
  <datafield tag="856" ind1="4" ind2=" ">
    <subfield code="s">489971</subfield>
    <subfield code="u">http://zaguan.unizar.es/record/135874/files/Instrucci%C3%B3n%2B3_2024%2BSG_Gerente_certificaciones_prexios_p%C3%BAblicos.pdf</subfield>
    <subfield code="y">Instrucción 3/2024 , SG y Gerente</subfield>
  </datafield>
  <datafield tag="980" ind1=" " ind2=" ">
    <subfield code="a">NORMAS</subfield>
  </datafield>
</record>
</collection>